[Event "Women's Speed Chess Q2"]
[Site "chess.com INT"]
[Date "2020.06.19"]
[Round "12"]
[White "Gaponenko, Inna"]
[Black "Aakanksha, Hagawane"]
[Result "1-0"]
[WhiteTitle "IM"]
[BlackTitle "WIM"]
[WhiteElo "2396"]
[BlackElo "2238"]
[WhiteFideId "14101181"]
[BlackFideId "25014510"]
[EventDate "2020.06.19"]

1. e4 e5 2. Nf3 Nc6 3. Bb5 a6 4. Bxc6 dxc6 5. O-O f6 6. d4 exd4 7. Nxd4 c5 8.
Nb3 Qxd1 9. Rxd1 Bg4 10. f3 Bd7 11. Be3 b6 12. Nc3 O-O-O 13. a4 a5 14. Nd2 Ne7
15. Nc4 Nc6 16. Rd2 Be6 17. Rxd8+ Nxd8 18. Nd5 Bxd5 19. exd5 Nf7 20. Bf4 Kd7 21.
Re1 Bd6 22. Bxd6 Nxd6 23. Nxd6 Kxd6 24. c4 Kd7 25. Kf2 Re8 26. Rxe8 Kxe8 27. Ke3
Ke7 28. Ke4 g6 29. h4 Kd6 30. g4 c6 31. dxc6 Kxc6 32. g5 Kd6 33. gxf6 Ke6 34. f7
Kxf7 35. Kd5 Kf6 36. Kc6 Kf5 37. Kxb6 h5 38. Kxc5 g5 39. Kb6 gxh4 40. c5 h3 41.
c6 h2 42. c7 h1=Q 43. c8=Q+ Kf4 44. Qc7+ Ke3 45. Qc5+ Ke2 46. Qc2+ Ke3 47. Qe4+
Kf2 48. Kxa5 h4 49. Kb6 h3 50. a5 h2 51. a6 Qg2 52. a7 h1=Q 53. a8=Q Qh6+ 54.
Qac6 Qxc6+ 55. Qxc6 Kg1 56. b4 Qf2+ 57. Qc5 1-0

[Event "Women's Speed Chess Q2"]
[Site "chess.com INT"]
[Date "2020.06.19"]
[Round "12"]
[White "Starosta, Martyna"]
[Black "Hryzlova, Sofiia"]
[Result "1/2-1/2"]
[WhiteTitle "WCM"]
[WhiteElo "2079"]
[BlackElo "1940"]
[WhiteFideId "21818754"]
[BlackFideId "14174669"]
[EventDate "2020.06.19"]

1. e4 e6 2. d4 d5 3. Nc3 Nf6 4. Bg5 dxe4 5. Nxe4 Nbd7 6. Bxf6 Nxf6 7. Ng3 Be7 8.
Nf3 O-O 9. c3 b6 10. Bd3 Bb7 11. Qe2 c5 12. O-O Qc7 13. Ne5 Rad8 14. dxc5 Qxc5
15. Rad1 Bd6 16. Ng4 Nxg4 17. Qxg4 g6 18. h4 Be5 19. h5 Bg7 20. hxg6 hxg6 21.
Be4 Bxe4 22. Qxe4 Qe5 23. Qxe5 Bxe5 24. Ne4 Kg7 25. g3 f5 26. Ng5 Kf6 27. Nh7+
Kf7 28. Nxf8 Rxf8 29. Rd7+ Kf6 30. Rxa7 Bd6 31. Rb7 Bc5 32. b4 Bd6 33. Rxb6 Be5
34. Rc6 Ra8 35. b5 Rxa2 36. b6 Rb2 37. c4 Rb4 38. c5 Bd4 39. Rc8 Rb5 40. Rc1 Ke5
41. Re1+ Kd5 42. Rd1 e5 43. Rd8+ Kxc5 44. Rc1+ Kxb6 45. Rb8+ Ka6 46. Rxb5 Kxb5
47. Rc8 g5 48. Rg8 f4 49. Rf8 fxg3 50. Kf1 gxf2 51. Rf5 Kc4 52. Rxg5 Kd3 53.
Rg3+ Be3 54. Rg8 e4 55. Rd8+ Kc2 56. Rc8+ Kd3 57. Rd8+ Kc4 58. Rc8+ Kd3 59. Rd8+ 1/2-1/2

[Event "Women's Speed Chess Q2"]
[Site "chess.com INT"]
[Date "2020.06.19"]
[Round "12"]
[White "Divya, Deshmukh"]
[Black "Yu, Jennifer"]
[Result "0-1"]
[WhiteTitle "WIM"]
[BlackTitle "FM"]
[WhiteElo "2305"]
[BlackElo "2315"]
[WhiteFideId "35006916"]
[BlackFideId "2078341"]
[EventDate "2020.06.19"]

1. e4 g6 2. d4 Bg7 3. Nc3 d6 4. Be3 a6 5. Qd2 Nd7 6. h4 h5 7. Nh3 b5 8. a3 Bb7
9. f4 Ngf6 10. Nf2 c5 11. dxc5 Nxc5 12. Bd3 Rc8 13. O-O-O Qa5 14. e5 dxe5 15.
fxe5 Nfd7 16. e6 Ne5 17. exf7+ Kf8 18. Bxc5 Rxc5 19. Be4 Bh6 20. Bxb7 Bxd2+ 21.
Rxd2 Nc4 22. Nfe4 Rf5 23. Rd7 b4 24. Rhd1 bxc3 25. Rd8+ Kg7 26. Rxh8 cxb2+ 27.
Kb1 Nxa3+ 28. Kxb2 Nc4+ 29. Kb3 Kxh8 30. Kxc4 Qb5+ 31. Kc3 Qxb7 32. Ng5 Kg7 33.
Rd8 Qc7+ 34. Kb2 Qb6+ 35. Kc1 Rxf7 36. Nxf7 Kxf7 37. Rd2 Qg1+ 38. Kb2 Qb6+ 39.
Kc1 Qb4 40. Rd3 Qxh4 41. Rf3+ Kg7 42. c3 Qg4 43. Kd2 Qg5+ 44. Kd3 Qxg2 45. Re3
Qg5 46. Re4 Qf5 47. c4 Kf6 48. Kd4 e5+ 49. Kd5 Qd7+ 50. Kc5 Qc7+ 51. Kd5 Qb7+ 0-1

[Event "Women's Speed Chess Q2"]
[Site "chess.com INT"]
[Date "2020.06.19"]
[Round "12"]
[White "Bogumil, Tatiana"]
[Black "Swati, Mohota"]
[Result "0-1"]
[WhiteTitle "WGM"]
[BlackTitle "WFM"]
[WhiteElo "2182"]
[BlackElo "2027"]
[WhiteFideId "4110579"]
[BlackFideId "5006511"]
[EventDate "2020.06.19"]

1. Nf3 d5 2. c4 c6 3. b3 Nf6 4. Bb2 e6 5. g3 Be7 6. Bg2 Nbd7 7. O-O O-O 8. d3
Ne8 9. e4 Bf6 10. e5 Be7 11. Qe2 a5 12. Nbd2 b5 13. Rac1 Bb7 14. h4 a4 15. d4
axb3 16. axb3 Ra2 17. Rc2 Ba3 18. Rb1 Bxb2 19. Rcxb2 Rxb2 20. Rxb2 Qa5 21. c5
Qa1+ 22. Nf1 Nc7 23. Ra2 Qc3 24. Ra7 Rb8 25. Qa2 h6 26. Ne3 Nxc5 27. dxc5 Qxc5
28. Qa3 Qb6 29. Qa5 Qxa5 30. Rxa5 Na6 31. Nc2 Nc5 32. b4 Na6 33. Nfd4 Kf8 34. f4
Ke7 35. Bf1 Kd7 36. Bd3 Kc7 37. Kf2 Kb6 38. Ra2 Nxb4 39. Nxb4 c5 40. Nxb5 cxb4
41. Nd6 Bc6 42. Rb2 Kc5 43. Rc2+ Kb6 44. Nxf7 Ba4 45. Rb2 Kc5 46. Nd6 Kd4 47.
Bc2 Kc3 48. Bxa4 Kxb2 0-1

[Event "Women's Speed Chess Q2"]
[Site "chess.com INT"]
[Date "2020.06.19"]
[Round "12"]
[White "Maltsevskaya, Aleksandra"]
[Black "Babiy, Olga"]
[Result "1-0"]
[WhiteTitle "WGM"]
[BlackTitle "WGM"]
[WhiteElo "2272"]
[BlackElo "2228"]
[WhiteFideId "24174041"]
[BlackFideId "14117258"]
[EventDate "2020.06.19"]

1. e4 c5 2. Nf3 e6 3. d4 cxd4 4. Nxd4 Nc6 5. Nc3 Qc7 6. f4 a6 7. Nxc6 Qxc6 8.
Bd3 b5 9. Qe2 Bb7 10. Bd2 h5 11. O-O-O Nf6 12. a3 b4 13. axb4 Bxb4 14. e5 Bxc3
15. Bxc3 Nd5 16. Bd2 Rc8 17. Kb1 Qa4 18. f5 Bc6 19. f6 gxf6 20. exf6 Bb5 21. Qe4
Qxe4 22. Bxe4 Nxf6 23. Bf3 Rg8 24. Bc3 Ng4 25. Rhe1 Bc6 26. Rd2 Bxf3 27. gxf3
Nh6 28. Rd5 Rg6 29. Rxh5 Ke7 30. Bd2 Ng8 31. Bb4+ d6 32. Rd1 Rc6 33. Rh8 Nf6 34.
Ra8 Nd7 35. Ra7 Rg2 36. h4 Rh2 37. Bd2 e5 38. c3 Ke6 39. Bg5 Nc5 40. Re7+ Kf5
41. Rxf7+ Kg6 42. Rf6+ Kg7 43. Rfxd6 Rc8 44. R6d5 Na4 45. Rxe5 Rxb2+ 46. Ka1
Rxc3 47. Rd7+ Kg6 48. Rd6+ 1-0

[Event "Women's Speed Chess Q2"]
[Site "chess.com INT"]
[Date "2020.06.19"]
[Round "12"]
[White "Yakimova, Mariya"]
[Black "Doluhanova, Evgeniya"]
[Result "0-1"]
[WhiteTitle "WFM"]
[BlackTitle "WGM"]
[WhiteElo "2269"]
[BlackElo "2229"]
[WhiteFideId "34188859"]
[BlackFideId "14112035"]
[EventDate "2020.06.19"]

1. d4 Nf6 2. c4 e6 3. g3 d5 4. Nf3 Bb4+ 5. Bd2 Bd6 6. Bg2 O-O 7. O-O c6 8. Qc2
Bc7 9. b3 Nbd7 10. Nc3 dxc4 11. bxc4 e5 12. d5 Nb6 13. dxc6 bxc6 14. Ne4 Ba6 15.
Bg5 Bxc4 16. Nxf6+ gxf6 17. Bh6 Re8 18. Nd2 Bd5 19. Nf3 Qc8 20. Rfd1 Qg4 21. Nh4
e4 22. f3 Qh5 23. Qc1 f5 24. fxe4 fxe4 25. Rf1 Re6 26. Nf5 e3 27. Bxd5 Nxd5 28.
Qc4 Rxh6 29. Nxh6+ Qxh6 30. Rab1 Be5 31. Rb7 Rf8 32. Qc5 Bg7 33. Qxa7 Qe6 34. a4
Nc3 35. Re1 Qf6 36. Rf1 Nxe2+ 37. Kg2 Qe6 38. a5 Qe4+ 39. Kh3 Nd4 40. Qc5 e2 41.
Re1 Qe6+ 42. Kg2 Nf5 43. a6 Ne3+ 44. Kg1 Qe4 0-1

[Event "Women's Speed Chess Q2"]
[Site "chess.com INT"]
[Date "2020.06.19"]
[Round "12"]
[White "Zvereva, Margarita"]
[Black "Tsotsonava, Elene"]
[Result "1-0"]
[WhiteTitle "WFM"]
[BlackTitle "WFM"]
[WhiteElo "1929"]
[BlackElo "2012"]
[WhiteFideId "34177741"]
[BlackFideId "13615939"]
[EventDate "2020.06.19"]

1. d4 d5 2. Nf3 c5 3. e3 Nf6 4. b3 Nc6 5. Bb2 e6 6. Bd3 Bd6 7. O-O O-O 8. a3 b6
9. Qe2 Bb7 10. Nbd2 Rc8 11. c4 cxd4 12. exd4 dxc4 13. Nxc4 Be7 14. Rad1 b5 15.
Nce5 Nxe5 16. dxe5 Nd5 17. Bxb5 Qb6 18. Bc4 Nf4 19. Qd2 Bxf3 20. gxf3 Bg5 21.
Qd4 Qb7 22. Qe4 Qe7 23. Bd4 Bh6 24. Kh1 Qg5 25. Rg1 Qh5 26. Be3 Nh3 27. Bxa7 Bf4
28. Rg3 Bxg3 29. fxg3 Rfd8 30. Rf1 Rd2 31. Be2 Ng5 32. Qe3 Rcd8 33. Bb6 R8d7 34.
Rc1 h6 35. Re1 R7d3 36. Qf2 Rxf3 37. Qg2 Rxe2 38. Rxe2 Rxb3 39. Be3 Rb1+ 40. Bg1
Nf3 41. Rf2 1-0

[Event "Women's Speed Chess Q2"]
[Site "chess.com INT"]
[Date "2020.06.19"]
[Round "12"]
[White "Priyanka, K"]
[Black "Alboredo, Julia"]
[Result "1-0"]
[WhiteTitle "WIM"]
[BlackTitle "WFM"]
[WhiteElo "2218"]
[BlackElo "2182"]
[WhiteFideId "5082986"]
[BlackFideId "2124807"]
[EventDate "2020.06.19"]

1. e4 c5 2. Nf3 d6 3. d4 cxd4 4. Nxd4 Nf6 5. Nc3 g6 6. Be3 Bg7 7. f3 O-O 8. Qd2
Nc6 9. O-O-O d5 10. Kb1 Rb8 11. g4 e5 12. Nxc6 bxc6 13. exd5 cxd5 14. Bxa7 Rb7
15. Bc5 e4 16. Ba6 Rb8 17. Bb5 exf3 18. a4 Bxg4 19. Bxf8 Qxf8 20. Nxd5 Nxd5 21.
Qxd5 Qb4 22. Qb3 Qf4 23. Rdf1 f2 24. Qg3 Qxg3 25. hxg3 Bd4 26. c3 Be3 27. Rh2 f5
28. Rhxf2 Bxf2 29. Rxf2 Kf7 30. Bc4+ Ke7 31. b4 Kd6 32. a5 Rc8 33. Rd2+ Kc7 34.
Be6 Re8 35. Bb3 Re3 36. Kb2 Re2 37. Kc2 g5 38. Rxe2 Bxe2 39. c4 f4 40. gxf4 gxf4
41. Kd2 Bf3 42. b5 h5 43. c5 h4 44. Be6 Be4 45. Ke2 Ba8 46. a6 Be4 47. b6+ Kb8
48. Bd7 f3+ 49. Kf2 Bd5 50. c6 1-0

[Event "Women's Speed Chess Q2"]
[Site "chess.com INT"]
[Date "2020.06.19"]
[Round "12"]
[White "Zhao, Xue"]
[Black "Miroshnik, Ekaterina"]
[Result "0-1"]
[WhiteTitle "GM"]
[BlackTitle "WFM"]
[WhiteElo "2486"]
[BlackElo "2139"]
[WhiteFideId "8601283"]
[BlackFideId "34127698"]
[EventDate "2020.06.19"]

1. Nf3 e6 2. e3 d5 3. b3 Nf6 4. Bb2 c5 5. c4 Bd6 6. g4 O-O 7. g5 Ne4 8. d3 Nxg5
9. Rg1 Nxf3+ 10. Qxf3 f6 11. cxd5 Bxh2 12. Rh1 Be5 13. Bxe5 fxe5 14. Qe4 g6 15.
dxe6 Qf6 16. Rh2 Bxe6 17. Qxb7 Nd7 18. Nc3 e4 19. Rc1 exd3 20. Bxd3 Rae8 21. Be2
Rf7 22. Qc6 Qe5 23. Rg2 Ref8 24. Qe4 Qxe4 25. Nxe4 Bd5 26. f3 Bxe4 27. fxe4 Re7
28. Bc4+ Kg7 29. Bd5 Re5 30. Ke2 h5 31. Rcg1 Rf6 32. Rd1 Nb6 33. Bb7 Re7 34. Bd5
Rd6 35. Rdg1 Nxd5 36. exd5 Re5 37. Rg5 Rexd5 38. Rxd5 Rxd5 39. e4 Re5 40. Ke3 h4
41. Kf4 Kf6 42. Re1 g5+ 43. Kg4 Re8 44. Rf1+ Kg6 45. Re1 Re5 46. Re2 a5 47. a4
c4 48. bxc4 Rc5 49. Rc2 Kf6 50. Rf2+ Ke6 51. Rc2 Ke5 52. Kxg5 Kxe4+ 53. Kxh4 Kd3
54. Rb2 Rxc4+ 55. Kg5 Rxa4 0-1

[Event "Women's Speed Chess Q2"]
[Site "chess.com INT"]
[Date "2020.06.19"]
[Round "12"]
[White "Karnaukhova, Elmira"]
[Black "Osmak, Iulija"]
[Result "1-0"]
[WhiteTitle "WGM"]
[BlackTitle "IM"]
[WhiteElo "2319"]
[BlackElo "2438"]
[WhiteFideId "4148827"]
[BlackFideId "14101602"]
[EventDate "2020.06.19"]

1. d4 e6 2. c4 f5 3. Nc3 Nf6 4. Nf3 Be7 5. g3 d5 6. Bg2 Ne4 7. Ne5 c6 8. f3 Nd6
9. b3 O-O 10. O-O Nd7 11. Bb2 Nxe5 12. dxe5 Nf7 13. f4 Qb6+ 14. Kh1 dxc4 15. Na4
Qa6 16. Qc2 b5 17. Nc3 Bb7 18. bxc4 bxc4 19. Na4 c5 20. Bxb7 Qxb7+ 21. Kg1 Qb5
22. Rfc1 Nd8 23. Qxc4 Qb7 24. Ba3 Rc8 25. Rab1 Qa8 26. Bxc5 Kh8 27. Qd4 Nc6 28.
Qd7 Bxc5+ 29. Nxc5 Rfd8 30. Qxe6 Nd4 31. Qc4 Rxc5 32. Qxc5 Nxe2+ 33. Kf2 Nxc1
34. Rxc1 Qe4 35. Qd6 Rg8 36. Qc6 Qd4+ 37. Ke2 h6 38. Qc3 Qe4+ 39. Qe3 Qg2+ 40.
Qf2 Qe4+ 41. Qe3 Qa4 42. Qd2 Qa6+ 43. Kf2 Rb8 44. Rc2 Qb6+ 45. Qe3 Qb1 46. Rd2
Qc1 47. Rd8+ Rxd8 48. Qxc1 1-0

[Event "Women's Speed Chess Q2"]
[Site "chess.com INT"]
[Date "2020.06.19"]
[Round "12"]
[White "Mkrtchian, Lilit"]
[Black "Kabanova, Ekaterina"]
[Result "1/2-1/2"]
[WhiteTitle "IM"]
[BlackTitle "WFM"]
[WhiteElo "2388"]
[BlackElo "2138"]
[WhiteFideId "13300601"]
[BlackFideId "24112917"]
[EventDate "2020.06.19"]

1. d4 c5 2. d5 e5 3. e4 d6 4. c4 Ne7 5. Nc3 Ng6 6. g3 Be7 7. h4 h6 8. Be3 a6 9.
a4 b6 10. Bd3 Ra7 11. Qd2 Nd7 12. h5 Ngf8 13. f4 Nh7 14. Nf3 Bf6 15. Kd1 Rb7 16.
Kc2 O-O 17. g4 exf4 18. Bxf4 Qe7 19. Rag1 Ne5 20. Nxe5 Bxe5 21. Be3 Bf6 22. e5
Qxe5 23. Bxh7+ Kxh7 24. Qd3+ Kg8 25. Rf1 Re8 26. Bf4 Qe7 27. Re1 Be5 28. Bxe5
dxe5 29. Ne4 Bxg4 30. Reg1 Bf5 31. Kc1 Kh8 32. Qg3 Rg8 33. Re1 Qd7 34. Qxe5 f6
35. Qf4 Bh7 36. Nc3 Re8 37. Rxe8+ Qxe8 38. Qd2 Re7 39. d6 Rd7 40. Re1 Qd8 41.
Rd1 Bg8 42. Qd3 b5 43. axb5 axb5 44. Nxb5 Qa5 45. Nc3 Qb4 46. Kc2 Bxc4 47. Qf5
Bb3+ 48. Kc1 Bxd1 49. Qxd7 Bxh5 50. Qc8+ Kh7 51. d7 Qf4+ 52. Kb1 Bg6+ 53. Ka2
Bf7+ 54. Kb1 Bg6+ 55. Ka2 Qc4+ 56. Ka1 Qf1+ 57. Ka2 Qc4+ 58. Ka1 Qf1+ 59. Ka2
Qc4+ 1/2-1/2

[Event "Women's Speed Chess Q2"]
[Site "chess.com INT"]
[Date "2020.06.19"]
[Round "12"]
[White "Rovira Contreras, Tairu Manuela"]
[Black "Zavivaeva, Evelina"]
[Result "0-1"]
[WhiteTitle "WIM"]
[BlackTitle "WCM"]
[WhiteElo "2058"]
[BlackElo "1619"]
[WhiteFideId "3900533"]
[BlackFideId "44127839"]
[EventDate "2020.06.19"]

1. d4 Nf6 2. c4 c5 3. d5 b5 4. cxb5 a6 5. b6 Qxb6 6. Nc3 d6 7. a4 Bb7 8. a5 Qc7
9. e4 Nbd7 10. f4 g6 11. Nf3 Bg7 12. Bc4 O-O 13. O-O Rab8 14. Re1 Rfe8 15. h3 e5
16. dxe6 fxe6 17. Ng5 Nf8 18. Qd3 h6 19. Nf3 Nxe4 20. Nxe4 Bxe4 21. Qxe4 d5 22.
Bxd5 exd5 23. Qxd5+ Qf7 24. Qxf7+ Kxf7 25. Rxe8 Rxe8 26. Kf2 Bd4+ 27. Nxd4 cxd4
28. Bd2 Ne6 29. Rc1 Rb8 30. b4 Rb7 31. Rc6 Ra7 32. g3 Kf6 33. Kf3 Kf5 34. g4+
Kf6 35. Ke4 Re7 36. Kd5 Kf7 37. f5 Nc7+ 38. Kc5 gxf5 39. gxf5 Ne8 40. Kxd4 Re5
41. Bxh6 Re7 42. Rxa6 Rd7+ 43. Ke3 Re7+ 44. Kf3 Nc7 45. Rc6 Nd5 46. a6 Ra7 47.
Bg5 Ne7 48. Rb6 Rd7 49. b5 Rd3+ 50. Ke4 Rb3 51. Rf6+ Ke8 52. b6 Rb4+ 0-1

[Event "Women's Speed Chess Q2"]
[Site "chess.com INT"]
[Date "2020.06.19"]
[Round "12"]
[White "Li, Xueyi"]
[Black "Mohota, Nisha"]
[Result "0-1"]
[WhiteTitle "WGM"]
[BlackTitle "IM"]
[WhiteElo "2328"]
[BlackElo "2195"]
[WhiteFideId "8605912"]
[BlackFideId "5004330"]
[EventDate "2020.06.19"]

1. d4 Nf6 2. c4 e6 3. g3 d5 4. Bg2 Be7 5. Nf3 O-O 6. O-O dxc4 7. Qc2 a6 8. a4
Bd7 9. Rd1 Bc6 10. Nc3 Bxf3 11. Bxf3 Nc6 12. Bxc6 bxc6 13. a5 Rb8 14. Na4 Rb5
15. Qxc4 Rxa5 16. Qxc6 Qd7 17. Qxd7 Nxd7 18. Bf4 Rc8 19. Nc3 Rxa1 20. Rxa1 c5
21. d5 e5 22. Be3 Ra8 23. Ra5 f5 24. f4 exf4 25. Bxf4 Kf7 26. d6 Bd8 27. Ra1 Bf6
28. Kg2 a5 29. Na4 Ke6 30. Rc1 g5 31. Be3 Kxd6 32. b3 Bd4 33. Bxd4 cxd4 34. Rc4
Ke5 35. Rc7 Nf6 36. Rxh7 Rb8 37. Re7+ Kd6 38. Rg7 Rxb3 39. Rxg5 Ra3 40. Rg6 Ke5
41. Nb6 Ra2 42. Nc4+ Kd5 43. Rxf6 Kxc4 44. Rxf5 a4 45. h4 Rxe2+ 46. Kf3 d3 47.
Rf4+ Kb3 48. Rd4 Rd2 49. h5 a3 50. Rd8 a2 51. Ra8 Rd1 52. Ke3 d2 53. Rb8+ Kc3
54. Rc8+ Kb4 55. Ra8 a1=Q 56. Rxa1 Rxa1 57. Kxd2 Rg1 0-1

[Event "Women's Speed Chess Q2"]
[Site "chess.com INT"]
[Date "2020.06.19"]
[Round "12"]
[White "Muminova, Nafisa"]
[Black "Mammadzada, Gunay"]
[Result "1-0"]
[WhiteTitle "WGM"]
[BlackTitle "IM"]
[WhiteElo "2274"]
[BlackElo "2443"]
[WhiteFideId "14201526"]
[BlackFideId "13403729"]
[EventDate "2020.06.19"]

1. d4 d5 2. Nc3 Nf6 3. Bf4 c5 4. e3 cxd4 5. exd4 a6 6. Nf3 Nc6 7. Be2 Bg4 8. h3
Bxf3 9. Bxf3 e6 10. O-O Qb6 11. Ne2 Be7 12. b3 O-O 13. c4 dxc4 14. bxc4 Rad8 15.
Be3 Na5 16. Qd3 e5 17. dxe5 Qc7 18. Qf5 g6 19. Qf4 Nd7 20. Rfc1 Nxe5 21. Rab1
Nxf3+ 22. Qxf3 Bc5 23. Bh6 Rfe8 24. Nf4 Qe5 25. Nd5 Re6 26. Bf4 Qf5 27. Bc7 Qxf3
28. gxf3 Nc6 29. Bxd8 Nxd8 30. Re1 Kg7 31. Rxe6 fxe6 32. Nf4 Kf6 33. Rd1 Nc6 34.
Rd7 Ne5 35. Rxb7 Nxf3+ 36. Kf1 Nd2+ 37. Ke2 Ne4 38. Rc7 Bd6 39. Rc6 Bxf4 40. Kf3
Ke5 41. Rxa6 Nd2+ 42. Ke2 Nxc4 43. Kd3 Nd6 44. Ra5+ Kf6 45. a4 g5 46. Ra8 h5 47.
a5 g4 48. hxg4 h4 49. a6 Nb5 50. Rf8+ Ke5 51. Rh8 Nc7 52. a7 h3 53. Rxh3 Kf6 54.
Rh8 Kg5 55. Rc8 1-0

[Event "Women's Speed Chess Q2"]
[Site "chess.com INT"]
[Date "2020.06.19"]
[Round "12"]
[White "Khotenashvili, Bela"]
[Black "Bodnaruk, Anastasia"]
[Result "0-1"]
[WhiteTitle "GM"]
[BlackTitle "IM"]
[WhiteElo "2458"]
[BlackElo "2411"]
[WhiteFideId "13602640"]
[BlackFideId "4181751"]
[EventDate "2020.06.19"]

1. Nf3 Nf6 2. g3 g6 3. b3 Bg7 4. Bb2 d6 5. d4 b6 6. Bg2 Bb7 7. O-O O-O 8. c4 e6
9. Nc3 Nbd7 10. Qc2 Qe7 11. e4 e5 12. dxe5 Nxe5 13. Nxe5 dxe5 14. Nd5 Nxd5 15.
cxd5 c6 16. a4 Rac8 17. Ba3 c5 18. Qd3 Qd6 19. Rac1 a5 20. Bb2 Rce8 21. Rfe1 f5
22. f3 f4 23. Rc2 h5 24. Bh3 Bc8 25. Bxc8 Rxc8 26. Bc1 Bh6 27. Rg2 Kh7 28. g4
hxg4 29. Rxg4 c4 30. bxc4 Qc5+ 31. Kf1 Qxc4 32. Qxc4 Rxc4 33. Bb2 Bg7 34. Rc1
Rfc8 35. Rxc4 Rxc4 36. Rg5 Bf6 37. Rg2 Kg7 38. Ke1 Kf7 39. Kd1 g5 40. Rc2 Rxc2
41. Kxc2 Ke7 42. Ba3+ Kd7 43. Bf8 Kc7 44. Kd3 b5 45. axb5 Kb6 46. Kc4 g4 47.
fxg4 f3 48. Kd3 Kxb5 49. Ke3 a4 50. Kxf3 Kc4 51. Kg3 Kd4 52. h4 Kxe4 53. g5 Bg7
54. Bxg7 a3 55. d6 a2 56. d7 a1=Q 57. d8=Q Qg1+ 58. Kh3 Qh1+ 0-1

[Event "Women's Speed Chess Q2"]
[Site "chess.com INT"]
[Date "2020.06.19"]
[Round "12"]
[White "Vantika, Agrawal"]
[Black "Gomez Barrera, Javiera Belen"]
[Result "1/2-1/2"]
[WhiteTitle "WIM"]
[BlackTitle "WIM"]
[WhiteElo "2286"]
[BlackElo "2083"]
[WhiteFideId "25050389"]
[BlackFideId "3418723"]
[EventDate "2020.06.19"]

1. d4 Nf6 2. c4 g6 3. g3 Bg7 4. Bg2 O-O 5. Nf3 d6 6. O-O Nc6 7. Nc3 e5 8. dxe5
dxe5 9. Bg5 Be6 10. Qc1 Qe8 11. Nd2 h6 12. Bxf6 Bxf6 13. Nde4 Bg7 14. Nc5 Bxc4
15. Nxb7 Rb8 16. Bxc6 Qxc6 17. Na5 Qa6 18. Nxc4 Qxc4 19. b3 Qc6 20. Qe3 Rfe8 21.
Rac1 Qb6 22. Nd5 Qxe3 23. Nxe3 Rbd8 24. Rxc7 Rd2 25. Rxa7 Rxe2 26. Rd1 Rc8 27.
Rdd7 Bf8 28. Rxf7 Bc5 29. Rg7+ Kh8 30. Rh7+ Kg8 31. Ng4 Bxa7 32. Rxa7 Rc1+ 33.
Kg2 Rcc2 34. Nxh6+ Kh8 35. Ng4 e4 36. Kh3 Rxa2 37. Re7 Kg8 38. Rxe4 Rxe4 39.
Nf6+ Kf7 40. Nxe4 Rc2 41. Kg4 Rb2 42. h4 Rxb3 43. f4 Rb4 44. Ng5+ Kf6 45. Nf3
Rb1 46. Ne5 Rg1 47. Nd7+ Ke7 48. Nc5 Kf6 49. Ne4+ Ke6 50. Kg5 Kd5 51. Nf6+ Ke6
52. g4 Rf1 53. Kxg6 Rxf4 54. g5 Rxh4 55. Nh5 Rh1 56. Ng7+ Ke7 57. Nf5+ Ke6 58.
Ng7+ Ke7 59. Nf5+ Ke6 60. Ng7+ 1/2-1/2

[Event "Women's Speed Chess Q2"]
[Site "chess.com INT"]
[Date "2020.06.19"]
[Round "12"]
[White "Kovacs, Klara"]
[Black "Balabayeva, Xeniya"]
[Result "1-0"]
[WhiteTitle "WIM"]
[BlackTitle "WFM"]
[WhiteElo "2154"]
[BlackElo "2146"]
[WhiteFideId "733210"]
[BlackFideId "13719688"]
[EventDate "2020.06.19"]

1. Nf3 d5 2. g3 Nf6 3. Bg2 g6 4. c4 Bg7 5. O-O O-O 6. cxd5 Nxd5 7. Nc3 Nb6 8. d3
Nc6 9. Be3 Bf5 10. a3 Qd7 11. Re1 h6 12. Rc1 Rad8 13. Qd2 Kh7 14. b4 Bh3 15. Bh1
Bf5 16. b5 Na5 17. Rb1 Qe6 18. Qc1 Nb3 19. Qc2 Na5 20. Bf4 Rd7 21. Na4 Nxa4 22.
Qxa4 b6 23. Rbc1 Nb3 24. Rxc7 Rxc7 25. Bxc7 Rc8 26. Qxa7 Nc5 27. Qxb6 Qxb6 28.
Bxb6 Na4 29. Bd4 Bf8 30. Rb1 f6 31. Rb4 Rc1+ 32. Kg2 e5 33. Rxa4 exd4 34. Nxd4
Bc8 35. Rc4 Bb7+ 36. Nc6 Ra1 37. a4 Bd6 38. h3 Kg7 39. Kh2 Rf1 40. Kg2 Ra1 41.
a5 Rxa5 42. Rd4 Rxb5 43. Rxd6 Rb1 44. e4 Kf7 45. Nd8+ Ke7 46. Nxb7 Rxb7 47. Rd4
Rb3 48. Kf3 Ke6 49. Bg2 Rb2 50. h4 h5 51. Bh3+ Ke7 52. Ke3 Rb3 53. Bc8 Rc3 54.
Ba6 Rc7 55. Bc4 Ra7 56. Rd5 Ra3 57. Rb5 Ra7 58. f3 Kd6 59. g4 hxg4 60. fxg4 Ra1
61. h5 gxh5 62. gxh5 Rh1 63. Kd4 Ke7 64. Rf5 Kd7 65. Kd5 Ke7 66. d4 Rh4 67. Bb5
Kf7 68. e5 1-0

[Event "Women's Speed Chess Q2"]
[Site "chess.com INT"]
[Date "2020.06.19"]
[Round "12"]
[White "Tokhirjonova, Gulrukhbegim"]
[Black "Danielian, Elina"]
[Result "1-0"]
[WhiteTitle "WGM"]
[BlackTitle "GM"]
[WhiteElo "2378"]
[BlackElo "2407"]
[WhiteFideId "14203626"]
[BlackFideId "13300210"]
[EventDate "2020.06.19"]

1. e4 d6 2. d4 Nf6 3. Nc3 c6 4. Be3 b5 5. Bd3 Nbd7 6. a3 Nb6 7. Nf3 a6 8. O-O e6
9. h3 Qc7 10. Qe2 Be7 11. Nh2 c5 12. dxc5 dxc5 13. Qf3 Bb7 14. Rfe1 Bd6 15. Nf1
O-O 16. Bg5 Nfd7 17. Qh5 c4 18. Be2 g6 19. Qh4 Rfe8 20. f4 Bf8 21. Bf3 Nc5 22.
Ne3 Nbd7 23. Ng4 f5 24. Nf6+ Nxf6 25. Bxf6 Nd7 26. Bd4 Be7 27. Qg3 Bf6 28. e5
Be7 29. Rad1 Rad8 30. Qf2 Nc5 31. Bxb7 Nxb7 32. Bb6 Qxb6 33. Qxb6 Bc5+ 34. Qxc5
Nxc5 35. Kf2 Kf7 36. Ke3 Ke7 37. Rd4 h6 38. Red1 g5 39. g3 gxf4+ 40. gxf4 Rxd4
41. Kxd4 Nb7 42. Rg1 Kf7 43. h4 Rd8+ 44. Ke3 Nc5 45. h5 a5 46. Nxb5 Rb8 47. Nd6+
Kf8 48. Rb1 Na4 49. Nxc4 Nc3 50. Rg1 Nd5+ 51. Kf3 a4 52. Rg6 Rc8 53. b3 axb3 54.
cxb3 Rb8 55. Nd2 Ra8 56. Rxh6 Rxa3 57. Rxe6 Ra2 58. Nc4 Ra1 59. Rd6 Rd1 60. e6
Ke7 61. Ra6 Rd3+ 62. Kf2 Nxf4 63. Ne5 Rxb3 64. Ng6+ Ke8 65. Nxf4 Ke7 66. Ng6+
Kf6 67. e7+ Kf7 68. Ra8 Rb2+ 69. Kf3 1-0

[Event "Women's Speed Chess Q2"]
[Site "chess.com INT"]
[Date "2020.06.19"]
[Round "12"]
[White "Toncheva, Nadya"]
[Black "Girya, Olga"]
[Result "0-1"]
[WhiteTitle "WFM"]
[BlackTitle "WGM"]
[WhiteElo "2064"]
[BlackElo "2469"]
[WhiteFideId "2924056"]
[BlackFideId "4195752"]
[EventDate "2020.06.19"]

1. d4 d5 2. c4 c6 3. Nc3 Nf6 4. e3 e6 5. Nf3 Nbd7 6. Bd3 dxc4 7. Bxc4 b5 8. Bd3
b4 9. Ne4 Nxe4 10. Bxe4 Bb7 11. O-O Bd6 12. a3 bxa3 13. b3 Qe7 14. Qc2 Rc8 15.
Nd2 Nf6 16. Bd3 c5 17. Bb5+ Kf8 18. Nc4 Bxh2+ 19. Kxh2 Ng4+ 20. Kg3 Qg5 21. f4
Qh5 22. e4 cxd4 23. Bxa3+ Kg8 24. Rh1 Qxb5 25. Kxg4 Bxe4 26. Qd2 Bf5+ 27. Kh4 h6
28. Qb4 g5+ 29. Kg3 gxf4+ 30. Kf2 Qd5 31. Qd6 Qe4 32. Qe5 Qc2+ 33. Kg1 Be4 34.
Rh2 Qxb3 35. Nd6 Qe3+ 36. Kh1 Rc3 37. Nxe4 Rxa3 38. Nf6+ Kf8 39. Qd6+ Kg7 40.
Qxa3 Qxa3 41. Rxa3 Kxf6 42. Rxa7 e5 43. Ra6+ Kf5 44. Rh5+ Ke4 45. Ra7 Re8 46.
Rxf7 d3 47. Rd7 Ke3 48. Rh3+ Ke2 49. Rxh6 e4 50. Kg1 d2 51. Rhd6 e3 52. Rd4 Ra8
53. Kh2 Ra1 54. Rxf4 d1=Q 55. Rxd1 Rxd1 56. Re4 Rf1 57. Kh3 Kd3 58. Re8 e2 59.
g4 e1=Q 60. Rxe1 Rxe1 61. g5 Ke4 62. Kg4 Rg1+ 63. Kh5 Kf5 64. Kh6 0-1